Geography Quiz

Random Geography or Asia Quiz

Asian Country by Coat of Arms Quiz Stats

Quiz not verified by Sporcle

Challenge
Share
Tweet
Photobucket
Score 0/48 Timer 10:00
0 Plays Today
# Country % Correct
5South Korea
93.3%
3Lebanon
92.9%
10China
90.7%
9Israel
88.8%
6Philippines
87.5%
1Vietnam
85.4%
48Turkey
84.4%
7Nepal
83.9%
36Iraq
82.4%
37Singapore
82.1%
8Pakistan
81.8%
13United Arab Emirates
81.4%
22Syria
81.4%
11Sri Lanka
79.7%
34Iran
78.6%
31East Timor
76.9%
27Taiwan
76.3%
18Qatar
75.1%
44Bahrain
74.7%
42Maldives
73.1%
47Russia
72.6%
14India
70.9%
33Kuwait
70.5%
4Kazakhstan
69.8%
# Country % Correct
15Saudi Arabia
69.7%
2Yemen
69.6%
29Myanmar
69.3%
17Laos
68.8%
12Japan
67.7%
25Turkmenistan
67.1%
23Tajikistan
66%
20North Korea
65.6%
19Brunei
65.5%
32Oman
64.1%
28Uzbekistan
63.4%
16Kyrgyzstan
60.5%
21Afghanistan
59.9%
40Thailand
59.2%
26Mongolia
58.9%
46Georgia
56.7%
24Bhutan
56%
30Cambodia
55.1%
35Jordan
54.9%
39Malaysia
54.3%
45Azerbaijan
53.8%
43Armenia
51.8%
38Indonesia
49.5%
41Bangladesh
44.2%

You're not logged in!

Compare scores with friends on all Sporcle quizzes.
Join for Free
OR
Log In

You Might Also Like...

Show Comments

Extras

Curator's Pick Jun 7, 2011ReportNominate
Tags:Asia Quiz, Country Quiz, Flags Quiz, arm, coat

Top Quizzes Today


Score Distribution

Your Account Isn't Verified!

In order to create a playlist on Sporcle, you need to verify the email address you used during registration. Go to your Sporcle Settings to finish the process.

Report this User

Report this user for behavior that violates our Community Guidelines.

Details: